00742cam a2200265 i 45000010008000000030004000080050017000120080041000290100017000700200015000870400018001020500020001200600015001400820008001552450098001632600039002613000026003005040029003266500019003556500014003746500012003886500019004006500029004197000028004482689760OSt20210826092630.0750731s1976 nyu b 000 0 eng  a 75025777  a0876301111 aDLCcDLCdDLC00aRA790b.N6 1976 aHQ728 N73900a61300aNo single thread :bpsychological health in family systems /cby Jerry M. Lewis ... [et al.]. aNew York :bBrunner/Mazel,cc1976. axxi, 260 p. ;c24 cm. aIncludes bibliographies. 0aMental health. 0aFamilies. 2aFamily. 2aMental health. 2aInterpersonal relations.1 aLewis, Jerry M.,d1924-